MARC details
| 000 -LEADER |
| campo de control de longitud fija |
00994cac a2200289 i 4500 |
| 003 - IDENTIFICADOR DE NÚMERO DE CONTROL |
| campo de control |
Co-PeBPM |
| 005 - FECHA Y HORA DE LA ÚLTIMA TRANSACCIÓN |
| campo de control |
20260205112219.0 |
| 008 - DATOS DE LONGITUD FIJA--INFORMACIÓN GENERAL |
| campo de control de longitud fija |
141031e2014III ck a gs 000 f spa d |
| 020 ## - NÚMERO INTERNACIONAL ESTÁNDAR DEL LIBRO |
| Número Internacional Estándar del Libro |
9789583003561 |
| 040 0# - FUENTE DE CATALOGACIÓN |
| Centro catalogador/agencia de origen |
Co-PeBPM |
| Lengua de catalogación |
spa |
| Centro/agencia transcriptor |
Co-PeBPM |
| Normas de descripción |
rda |
| 041 0# - CÓDIGO DE IDIOMA |
| Código de lengua del texto/banda sonora o título independiente |
spa |
| 082 04 - NÚMERO DE LA CLASIFICACIÓN DECIMAL DEWEY |
| Número de clasificación |
(i) Co863.44 V436h |
| Número de edición |
22 |
| 100 1# - ENTRADA PRINCIPAL--NOMBRE DE PERSONA |
| Nombre de persona |
Vélez, Rubén, |
| Término indicativo de función/relación |
autor |
| 9 (RLIN) |
12361 |
| 245 10 - MENCIÓN DEL TÍTULO |
| Título |
Hip, hipopótamo vagabundo |
| Mención de responsabilidad, etc. |
/ Rubén Vélez ; ilustrado por Henry González y Nancy Granada |
| 250 ## - MENCION DE EDICION |
| Mención de edición |
Primera edición |
| 260 ## - PUBLICACIÓN, DISTRIBUCIÓN, ETC. |
| Lugar de publicación, distribución, etc. |
Bogotá, Colombia |
| Nombre del editor, distribuidor, etc. |
: Panamericana |
| Fecha de publicación, distribución, etc. |
, 2014 |
| 300 ## - DESCRIPCIÓN FÍSICA |
| Extensión |
85 páginas |
| Otras características físicas |
: ilustraciones a color |
| Dimensiones |
; 20 centímetros |
| 500 ## - NOTA GENERAL |
| Nota general |
Incluye índice. |
| 648 14 - PUNTO DE ACCESO ADICIONAL DE MATERIA--TÉRMINO CRONOLÓGICO |
| Término cronológico |
Siglo XX |
| Fuente del encabezamiento o término |
LEMB |
| 650 14 - PUNTO DE ACCESO ADICIONAL DE MATERIA--TÉRMINO DE MATERIA |
| Término de materia o nombre geográfico como elemento de entrada |
Novela infantil colombiana |
| Fuente del encabezamiento o término |
LEMB |
| 9 (RLIN) |
9380 |
| 650 14 - PUNTO DE ACCESO ADICIONAL DE MATERIA--TÉRMINO DE MATERIA |
| Término de materia o nombre geográfico como elemento de entrada |
Literatura infantil colombiana |
| Fuente del encabezamiento o término |
LEMB |
| 9 (RLIN) |
389 |
| 650 14 - PUNTO DE ACCESO ADICIONAL DE MATERIA--TÉRMINO DE MATERIA |
| Término de materia o nombre geográfico como elemento de entrada |
Animales |
| Fuente del encabezamiento o término |
LEMB |
| 9 (RLIN) |
125656 |
| 650 14 - PUNTO DE ACCESO ADICIONAL DE MATERIA--TÉRMINO DE MATERIA |
| Término de materia o nombre geográfico como elemento de entrada |
Novela |
| Fuente del encabezamiento o término |
LEMB |
| 700 1# - ENTRADA AGREGADA--NOMBRE PERSONAL |
| Nombre de persona |
González Torres, Henry Javier |
| Término indicativo de función/relación |
ilustrador |
| 9 (RLIN) |
10805 |
| 700 1# - ENTRADA AGREGADA--NOMBRE PERSONAL |
| Nombre de persona |
Granada, Nancy |
| Término indicativo de función/relación |
ilustradora |
| 9 (RLIN) |
125657 |
| 942 ## - ELEMENTOS DE ENTRADA SECUNDARIOS (KOHA) |
| Fuente del sistema de clasificación o colocación |
Clasificación Decimal Dewey |
| Tipo de ítem Koha |
Libros |